[Event "Muensterland Verbandsliga 1011"]
[Site "Germany"]
[Date "2010.10.30"]
[Round "2.6"]
[White "Tenberge, Norbert"]
[Black "Webner, Dennis"]
[Result "1-0"]
[WhiteElo "1830"]
[BlackElo "1889"]
[PlyCount "95"]
[EventDate "2010.09.25"]
[EventType "team-tourn"]
[EventRounds "9"]
[EventCountry "GER"]
[SourceTitle "EXT 2012"]
[Source "ChessBase"]
[SourceDate "2011.11.24"]
[SourceVersion "1"]
[SourceVersionDate "2011.11.24"]
[SourceQuality "1"]
[WhiteTeam "Muenster Indische Dame"]
[BlackTeam "Nienberge"]
[WhiteTeamCountry "GER"]
[BlackTeamCountry "GER"]

1. d4 d5 2. g3 g6 3. Bg2 Bg7 4. Nf3 c5 5. e3 Nc6 6. 0-0 Nf6 7. b3 Bg4 8. Bb2 Qd7 9. Nbd2 Ne4 10. Qc1 cxd4 11. exd4 Bh6 12. Qe1 Nxd2 13. Nxd2 Bf5 14. Qd1 Nb4 15. c3 Nd3 16. Ba3 Rc8 17. Nb1 Qe6 18. g4 Be4 19. f3 Be3+ 20. Kh1 Nf2+ 21. Rxf2 Bxb1 22. Re2 Rxc3 23. Rxb1 Qa6 24. Bb4 Rd3 25. Qe1 Bxd4 26. Rxe7+ Kd8 27. Bf1 Qf6 28. Bg2 h5 29. Re2 Qf4 30. Bd2 Qd6 31. g5 Bb6 32. Bb4 Qf4 33. Be7+ Kc8 34. Qg3 Bc7 35. Qxf4 Bxf4 36. Kg1 h4 37. Bh3+ Kb8 38. Bf6 Rg8 39. Kg2 Be3 40. Rbe1 d4 41. Be5+ Ka8 42. Bxd4 Rxd4 43. Rxe3 a6 44. Re8+ Rxe8 45. Rxe8+ Ka7 46. Kf2 Rd2+ 47. Re2 Rd5 48. f4 1-0